=LDR 00000nam 2200000 4500 =001 INLIS000000000044475 =005 20131008105923 =008 ***********************************Ind** =035 ##$$0010-101300000002397 =041 ##$$a Ind =082 ##$$a 8x0.7 =090 ##$$a 8x0.7 Bac o =100 ##$$a Bachri, Sutardji Calzoum =245 ##$$a O Amuk Kapak , Tiga Kumpulan sajak , Sutardji Calzoum Bachri =260 ##$$a 1981 $b Jakarta =850 ##$$a NBPNMAT =990 ##$$a 0001/BPAP-NTB/2015 =990 ##$$a 0001/BPAP-NTB/2015